| 000 | 00659nam a22001935i 4500 | ||
|---|---|---|---|
| 001 | 164066 | ||
| 003 | ES-MaACL | ||
| 005 | 20251005063128.0 | ||
| 008 | 981222s1870 fr |||| | fre d | ||
| 100 | 1 |
_aRoyer, Clémence, _d1830-1902 _9132134 |
|
| 245 | 1 | 0 |
_aOrigine de l'homme et des sociétés / _cClémence Royer. |
| 260 |
_aParis : _bGuillaumin et Cie. : _bVictor Masson et fils, _c1870 ( _eSaint-Denis : _fTyp. de A. Moulin) |
||
| 300 |
_aXXIV, 591 p. ; _c22 cm. |
||
| 597 | _aAntep. | ||
| 650 | 4 |
_aHombre- _xOrigen. _913452 |
|
| 650 | 4 |
_aSociedad primitiva. _917177 |
|
| 852 |
_aES-MaACL _jG-12156 _z- Enc. hol. |
||
| 999 |
_c164066 _d164066 |
||